| 000 | 00715nam a2200229 a 4500 | ||
|---|---|---|---|
| 999 |
_c420 _d420 |
||
| 001 | 420 | ||
| 003 | BD-JhCC | ||
| 005 | 20171021115728.0 | ||
| 008 | 171004s2008 bg a|||| ||a| 000 0 ben d | ||
| 020 | _a984868462X | ||
| 035 | _a(BD-JhCC) 420 | ||
| 040 |
_aBD-JhCC _dBD-JhCC |
||
| 041 | _aben | ||
| 082 |
_a917.1 _bSAG 2008 |
||
| 100 | _aসাগর, রেজা ফরিদুর | ||
| 245 |
_aওয়াং সাহেবের ব্যাঙ / _cফরিদুর রেজা সাগর |
||
| 260 |
_aঢাকা : _bঅন্য প্রকাশ প্রকাশনী, _c২০০৮. |
||
| 300 |
_a64 p. : _bill. ; _c21 cm. |
||
| 650 |
_aTravel _ysingapur |
||
| 942 |
_2ddc _cBK |
||